000 01129nam a2200313 a 4500
001 000114615
003 CHAP
005 20220329144449.0
008 180309s2017 mx a fsm |||||||spa d
010 _a111076
011 _a112048
040 _cCHAP
090 _aTesis
100 1 _aSánchez Álvarez, Iseli
_9134809
245 1 0 _aDescripción y caracterización de la calabaza (Cucurbita pepo L.) variedad brujita, con fines de registro /
_h[En línea]
_cpor Iseli Sánchez Álvarez.
260 _aChapingo, Méx. :
_bEl autor,
_c2017.
500 _aPara ver el contenido del material haga clic en la liga
502 _aTesis (Ing. Agr. Esp. en Fitotecnia) -- UACH. Departamento de Fitotecnia
590 _aE8697GMM
_b05
_c20180309
_lUCH01
_h1017
590 _aE8697GMM
_b05
_c20180309
_lUCH01
_h1018
590 _aE8697GMM
_b05
_c20180309
_lUCH01
_h1427
650 1 4 _aCalabaza
_xGenética.
_917274
650 1 4 _aCalabaza
_xMejoramiento.
_917283
650 1 4 _aCalabaza
_xVariedades.
_917301
856 _aFinding aid
_uhttp://10.13.5.2/tesis/sist114615.pdf
_zTeclea aquí
901 _aBK
942 _cTESIS
942 _n0
999 _c111076
_d111076